| 000 | 01110cam a2200301 a 4500 | ||
|---|---|---|---|
| 001 | 000013878 | ||
| 005 | 20200929163401.0 | ||
| 008 | 901022m19901991pr b 000 0 spa | ||
| 010 | _a90022452 | ||
| 020 | _a0847708918 (t. 1) | ||
| 020 | _a0847708950 (t. 2) | ||
| 040 |
_aDO-SdBNP _cDLC _dDLC |
||
| 043 |
_anwpr--- _an-us--- |
||
| 082 |
_a327.7295073 _bG216p |
||
| 100 | 1 |
_aGarcia-Passalacqua, Juan M. _931435 |
|
| 245 | 1 | 0 |
_aPuerto Rico y los Estados Unidos : _bel proceso de consulta y negociacion de 1989 y 1990 / _cJuan M. Garcia-Passalacqua, Carlos Rivera Lugo. |
| 250 | _a1. ed. | ||
| 260 |
_aRio Piedras, P.R. : _bEditorial de la Universidad de Puerto Rico, _c1990-1991. |
||
| 300 |
_a2 v. ; _c21 cm. |
||
| 504 | _aIncludes bibliographical references. | ||
| 505 | 0 | _at. 1. 1989 -- t. 2. 1990. | |
| 651 | 4 |
_aEstados Unidos _xRelaciones Exteriores _zPuerto Rico. _931436 |
|
| 651 | 4 |
_aPuerto Rico _xRelaciones Exteriores _zEstados Unidos _929388 |
|
| 650 | 4 |
_aPlebiscito _zPuerto Rico. _916165 |
|
| 700 | 2 |
_aRivera Lugo, Carlos. _931437 |
|
| 910 | _aCatalogación por copia / LC | ||
| 049 | _aBNGR | ||
| 999 |
_c13484 _d13484 |
||